| 000 | 01020nam a2200277Ia 4500 | ||
|---|---|---|---|
| 003 | OSt | ||
| 005 | 20220923210950.0 | ||
| 006 | a|||||r|||| 00| 0 | ||
| 007 | ta | ||
| 008 | 220922b |||||||| |||| 00| 0 san d | ||
| 020 | _a8126016914 (pb) | ||
| 024 | _a230,997 | ||
| 037 | _cTextual | ||
| 040 |
_aARTS _cARTS _bsan |
||
| 041 |
_2san _asan |
||
| 082 | _aO15,2D70:g, 152M0 | ||
| 100 |
_aभट, गो.के.; वर्मा, महेन्द्रकुमार, अनु. _9156639 |
||
| 245 | 0 | _aभवभूति | |
| 246 | _aBhavabhūti | ||
| 260 |
_aनई दिल्ली _b साहित्य अकादमी _c1980 |
||
| 300 |
_a85पृ0 _ccm. |
||
| 490 | _aभारतीय साहित्य के निर्माता | ||
| 650 |
_aसंस्कृत साहित्य _9156640 |
||
| 942 |
_hO15,2D70:g, 152M0 _cTEXL _2CC |
||
| 999 |
_c293263 _d293263 |
||